000 00598nam a22001817a 4500
999 _c14604
_d14604
003 AR-CdUCM
008 190424b ||||| |||| 00| 0 spa d
020 _a978-607-16-2923-4
040 _aMUNICIPALIDAD PROVINCIAL DEL CUSCO
_cBIBLIOTECA MUNICIPAL DEL CUSCO
082 _aPI / 376.1 /
_bF75
110 _aFondo de cultura económica
_912152
245 _aAbecedario a mano :
_bisol /
260 _aMéxico, D.F :
_bFondo de cultura económica,
_c2015.
300 _a18 páginas ;
_bIlustraciones,
_c21 cm.
650 _aLiteratura infantil
_9588
942 _2ddc
_cLIBROS
945 _aacv
_d2019-04-24